[Event "VIE Cup"]
[Site "Bac Giang"]
[Date "2018.05.30"]
[Round "1"]
[White "Nguyen, Quang Trung"]
[Black "Le, Anh Duong"]
[Result "1-0"]
[WhiteElo "1805"]
[BlackElo "1887"]
[PlyCount "93"]
[EventDate "2018.05.30"]
[EventType "swiss"]
[EventRounds "9"]
[EventCountry "VIE"]
[SourceTitle "CBM 184 Extra"]
[Source "ChessBase"]
[SourceDate "2018.06.28"]
[SourceVersion "1"]
[SourceVersionDate "2018.06.28"]
[SourceQuality "1"]

1. Nf3 Nc6 2. d4 d5 3. Bf4 g6 4. c4 e6 5. e3 Bg7 6. Nc3 a6 7. cxd5 exd5 8. Qb3 Nf6 9. Bg5 0-0 10. Bxf6 Bxf6 11. Qxd5 Bf5 12. Qxd8 Raxd8 13. Bc4 b5 14. Bb3 Rfe8 15. 0-0 Na5 16. Nd5 Bg7 17. Nxc7 Re7 18. Nxa6 Nxb3 19. axb3 Bg4 20. Nc5 Bxf3 21. gxf3 f5 22. f4 Bf8 23. Ra5 Rb8 24. Rfa1 Bh6 25. h4 Bg7 26. Ra8 Rxa8 27. Rxa8+ Kf7 28. Rb8 Bf6 29. Rxb5 Bxh4 30. d5 Ra7 31. d6 Ra1+ 32. Kg2 Rd1 33. Rb7+ Kg8 34. d7 Rd2 35. Ne6 Rxf2+ 36. Kh3 Bf6 37. Rb8+ Kf7 38. Ng5+ Kg7 39. d8Q Bxd8 40. Rxd8 Rxb2 41. Rd7+ Kg8 42. Rd3 Kg7 43. Kg3 Kh6 44. Rd7 Rg2+ 45. Kxg2 Kh5 46. Nxh7 Kg4 47. Nf6+ 1-0